Quizzes
Events
Quiz Creation
Community
Videos
Private Events
Remove Ads
Sign In
Join for FREE
Feedback
Dark Mode
Quiz Categories
Sports
Geography
Music
Movies
Television
Just For Fun
Miscellaneous
History
Literature
Language
Science
Gaming
Entertainment
Religion
Holiday
For Kids
Quiz Lab
Recent
Popular Today
Quiz Kudos Today
Editor Picks
Curator Picks
Quizzes by...
Day
Popularity
Type
Ratings
Length
Year
Community
Subscriptions
Recent Discussions
Orange Saloon
Badges
Playlists
Quests
Create
Leaderboards
Showdown
Live 5
Trivia Bingo
Activity
Puzzle Library
Sporcle Events
Private Events
Virtual Trivia
Globe League
Become a Host
Pub Owners
SporcleCon
Opinionation
Our Games
Videos
Blog
Mobile Apps
Partnerships
Remove Ads and Go Orange
Feedback
Science
Computer
Plants
Astronomy
Chemistry
Elements
Math
Animal
Physics
Anatomy
Biology
Geology
General Science
Science
Computer
Plants
Astronomy
Chemistry
Elements
Math
Animal
Physics
Anatomy
Biology
Geology
General Science
Random Quiz
Search Sporcle
×
Quiz Lab
Quiz Lab
Science
Letter
Type in answers that appear in a list
Type in answers that appear in a list
Classic
Best Score? Go Orange.
Binary Letters Caps And Lowercase Stats
Can you name the Binary Letters Caps And Lowercase Mentally?
By
jdzinsy
90s
52 Questions
78 Plays
78 Plays
78 Plays
Comments
Comments
Give Quiz Kudos
Give Quiz Kudos
-
- Ratings
hide this ad
More Info
Forced Order
Answers have to be entered in order
Answers have to be entered in order
Random Order
Randomize order of answers
Randomize order of answers
Replay
Link that replays current quiz
Next Quiz
Link to next quiz in quiz playlist
You Got
0%
They Got
Avg Score
89%
Avg Friend Score
Upgrade to see
Score Distribution
Jump to the score distribution portion of the page
Score
0/52
Timer
01:30
0
Plays Today
Hint
Answer
% Correct
B
01000010
96.2%
A
01000001
93.6%
C
01000011
93.6%
c
01100011
93.6%
H
01001000
92.3%
D
01000100
91%
E
01000101
91%
L
01001100
91%
M
01001101
91%
Q
01010001
91%
T
01010100
91%
a
01100001
91%
h
01101000
91%
m
01101101
91%
p
01110000
91%
F
01000110
89.7%
G
01000111
89.7%
I
01001001
89.7%
K
01001011
89.7%
N
01001110
89.7%
O
01001111
89.7%
P
01010000
89.7%
R
01010010
89.7%
U
01010101
89.7%
X
01011000
89.7%
Z
01011010
89.7%
Hint
Answer
% Correct
d
01100100
89.7%
e
01100101
89.7%
f
01100110
89.7%
g
01100111
89.7%
k
01101011
89.7%
q
01110001
89.7%
y
01111001
89.7%
J
01001010
88.5%
S
01010011
88.5%
W
01010111
88.5%
b
01100010
88.5%
l
01101100
88.5%
r
01110010
88.5%
w
01110111
88.5%
x
01111000
88.5%
z
01111010
88.5%
V
01010110
87.2%
Y
01011001
87.2%
j
01101010
87.2%
o
01101111
87.2%
s
01110011
87.2%
t
01110100
87.2%
v
01110110
87.2%
i
01101001
85.9%
n
01101110
85.9%
u
01110101
84.6%
Quiz Playlist
Details
Report
Send in Message
Add To Playlist
More Info:
If you don't know some letters down the line, you can count sequentially if you're doing it in order.
Classic:
Type in answers that appear in a list
Forced Order:
Answers have to be entered in order
Random Order:
Randomize order of answers
Last Updated: Dec 3, 2022
Quiz Scoreboard
CHALLENGE
Sign Up to Join the Scoreboard
Show All
Scores
Hide
Comments
May contain spoilers
Recently Published
Presidents Visiting Landmarks
by Hejman
History
7m
An Introduction to Baseball
by treessimontrees
Sports
5m
Movies - When Are They Set?
by FPL_Elf
Movies
5m
More to Explore
Quiz From the Vault
Featured Blog Post
Where Did the Easter Bunny Come From?
hide this ad
You Might Also Like...
Tags
Letter Quiz
Binary
cap
Lowercase
Mentally
Today's Top Quizzes in Science
Browse Science
hide this ad
Today's Top Quizzes in Letter
Browse Letter
Top Contributed Quizzes in Science
1
Quick Pick: Radians
2
Quick Pick: 'CI-CJ' Animals
3
Elements In Images
4
One Thing in Common: Science
5
One Thing in Common: Science III
6
One Thing in Common: Animals
7
1 to 50
8
Name the Acid, Base or Salt
9
One Thing in Common: Science II
10
Count to 60
Explore More
Trending Topics
Disney
Kpop
Marvel
Crossword
Harry Potter
Anime
NBA
Pokémon
Puzzle
The Office
Soccer
Song
Country
NFL
WWE
hide this ad
More By:
jdzinsy
Quiz
Plays
Rating
Category
Featured
Created
Binary Letters Caps And Lowercase
78
Science
Apr 25, 2017
Go to Creator's Profile
Score Distribution
Quiz Creator Spotlight
jdzinsy
Follow
Send a Message
Quizzes Created
-
Created Quiz Play Count
-
More By This Creator
Popular Quizzes Today
1
Find the US States - No Outlines Minefield
2
Find the Countries of Europe - No Outlines Minefield
3
The Countries of the World
4
Popular People in 1961
5
Find the US States
6
US States
7
Risky Map Clicking: Biggest States A-Z
8
1-10 Letter E Words III
More Science Quizzes
On the Celsius Scale
Editor's Pick
Trending Quizzes
Risky Map Clicking: Least Populous States A-Z
1-10 Letter G Words
1-10 Letter F Words
One Thing in Common: United Kingdom
Risky Map Clicking: Next State Alphabetically
Recently Updated
Leaping Animals
pecheneg
Reality TV Shows (A-Z)
bhenderson79
Rickey Henderson's Hall of Fame Teammates
pecheneg
Champions League XIs: Arsenal
pecheneg
Quick Pick: Celebrities in WWE's Hall of Fame
aduchscher
A-Z Keypad Blitz II
pecheneg
Multiple Oscar Actors
pecheneg
Mystery Phrase Blitz: Oscar 'Best Actors'
pecheneg
F. Scott Fitzgerald Novels
LTH
Pick 3 Villains
ddd62291
Trending Topics
Anime
Disney
Crossword
Marvel
Harry Potter
NBA
Kpop
Pokémon
The Office
Soccer
Country
WWE
Song
NFL
Puzzle
Your Account Isn't Verified!
In order to create a playlist on Sporcle, you need to verify the email address you used during registration. Go to your
Sporcle Settings
to finish the process.
Report this User
Report this user for behavior that violates our
Community Guidelines
.
Details:
Send Report
Go to the Sporcle.com Mobile Site →
Comments